000 00591nam a2200169 i 4500
001 155502
003 ES-MaACL
005 20250718062544.0
008 040721s1870 xxk |||| | eng d
100 1 _aHodgson, Shadworth H.
_9128009
245 1 4 _aThe theory of pratice
_b: an ethical enquiry : in two books /
_cby Shadworth H. Hodgson.
260 _aLondon :
_bLongmans, Green, Reader and Dyer,
_c1870 (
_fRobson and Sons)
300 _a2 v. (XII, 566 ; VIII, 501 p.) ;
_c24 cm.
650 7 _aÉtica
_2embne
_912577
852 _aES-MaACL
_jF-101-02
_z- Enc. tela
999 _c155502
_d155502